Online
Catalog

Los miedos publicitarios : (Record no. 34987)

MARC details
000 -CABECERA
campo de control de longitud fija 00676nam a2200181 a 4500
001 - NÚMERO DE CONTROL
campo de control 000035496
005 - FECHA Y HORA DE LA ÚLTIMA TRANSACCIÓN
campo de control 20200930074403.0
008 - DATOS DE LONGITUD FIJA--INFORMACIÓN GENERAL
campo de control de longitud fija 111102s1963 sp b 000 0 spa d
040 ## - FUENTE DE LA CATALOGACIÓN
Centro catalogador/agencia de origen DO-SdBNP
Lengua de catalogación spa
Centro/agencia transcriptor BNPHU
082 ## - NÚMERO DE LA CLASIFICACIÓN DECIMAL DEWEY
Número de clasificación xxxx
Número de documento/Ítem B877
100 1# - ENTRADA PRINCIPAL--NOMBRE DE PERSONA
Nombre de persona Brown, Lyndon O.
9 (RLIN) 61370
240 10 - TÍTULO UNIFORME
Título uniforme Advertising media
Lenguaje de la obra español
245 14 - MENCIÓN DE TÍTULO
Título Los miedos publicitarios :
Resto del título Su estudio metódico para elegirlos y coordinarlos en la estrategia de las campañas de publicidad /
Mención de responsabilidad, etc. Lyndon O. Brown, Richard S. Lessler, William M. Weilbacher.
260 ## - PUBLICACIÓN, DISTRIBUCIÓN, ETC.
Lugar de publicación, distribución, etc. Barcelona, España :
Nombre del editor, distribuidor, etc. Hispano Europeo,
Fecha de publicación, distribución, etc. 1963.
300 ## - DESCRIPCIÓN FÍSICA
Extensión vii, 484 p. :
Otras características físicas mapa ;
Dimensiones 21 cm.
490 1# - MENCIÓN DE SERIE
Mención de serie Galileo
830 #0 - PUNTO DE ACCESO ADICIONAL DE SERIE-TÍTULO UNIFORME
Título uniforme Galileo
9 (RLIN) 61371
Holdings
Estado de retiro Estado de pérdida Restricciones de uso No para préstamo Código de colección Localización permanente Ubicación/localización actual Ubicación en estantería Fecha de adquisición Número de inventario Total de préstamos Signatura topográfica completa Código de barras Fecha visto por última vez Precio válido a partir de Tipo de ítem Koha
      Excluido de préstamo Monografías: Libros y Folletos General General En catalogación 02.11.2011 LF1   xxxx B877 35496-10 25.06.2020 25.06.2020 No se presta

Powered by Koha